| 000 | 00827pam a2200277 a 4500 | ||
|---|---|---|---|
| 003 | OSt | ||
| 005 | 20140310184504.0 | ||
| 008 | 880726s1989 nyu j 000 1 eng | ||
| 010 | _a 88023897 | ||
| 020 |
_z059041735X : _c$10.95 |
||
| 040 |
_aDLC _cDLC _dDLC |
||
| 042 | _alcac | ||
| 050 | 0 | 0 |
_aPZ 7 _b.M478675Fo 1989 |
| 100 | 1 |
_aMcKenna, Colleen O'Shaughnessy. _928845 |
|
| 245 | 1 | 0 |
_aFourth grade is a jinx / _cColleen O'Shaughnessy McKenna. |
| 260 |
_aNew York : _bScholastic, _c1989. |
||
| 300 |
_a168 p. : _c22 cm. |
||
| 521 | _aG5 | ||
| 526 | _c720 | ||
| 650 | 1 |
_aSchools _xFiction. _928846 |
|
| 650 | 1 |
_aTeacher-student relationships _xFiction. _928847 |
|
| 650 | 1 |
_aMothers and daughters _xFiction. _928848 |
|
| 906 |
_a7 _bcbc _corignew _d1 _eocip _f19 _gy-gencatlg |
||
| 942 |
_2lcc _cBK-SCHOLAS |
||
| 999 |
_c34796 _d34796 |
||